MARC

LEADER 00000nam0a2200000 4500
001 323392
005 20231102003551.0
035 |a (RuTPU)RU\TPU\book\348976 
035 |a RU\TPU\book\316475 
090 |a 323392 
100 |a 20150417d1978 m y0rusy5003 ca 
101 0 |a rus 
102 |a RU 
105 |a a j 001zy 
200 1 |a Приборы автоматического контроля и регулирования. (Устройство и ремонт)  |e учебное пособие для средних профессиональных заведений  |f Б. И. Жарковский 
210 |a Москва  |c Высшая школа  |d 1978 
215 |a 271 с.  |c ил. 
225 1 |a Профтехобразование. Приборостроение 
320 |a Библиогр.: с. 269 
606 1 |a Контрольно-измерительные инструменты и приборы  |2 stltpush  |3 (RuTPU)RU\TPU\subj\15519  |9 41754 
610 1 |a устройство 
610 1 |a ремонт 
610 1 |a приборы 
610 1 |a автоматический контроль 
610 1 |a автоматическое регулирование 
610 1 |a весы 
610 1 |a дозаторы 
610 1 |a термометры 
610 1 |a монометры 
610 1 |a анализаторы 
610 1 |a реле 
610 1 |a автоматические приборы 
610 1 |a износ 
610 1 |a смазка 
610 1 |a надежность 
610 1 |a техника безопасности 
610 1 |a учебные пособия 
675 |a 681.2(075.32)  |z rus  |v 3 
700 1 |a Жарковский  |b Б. И.  |g Борис Исаакович 
801 0 |a RU  |b 63413507  |c 19950704  |g psbo 
801 1 |a RU  |b 63413507  |c 20150417 
801 2 |a RU  |b 63413507  |c 20171124  |g RCR 
942 |c BK